LIBRARY ONLINE CATALOGUE

Law Disserations (Record no. 18688)

MARC details
000 -LEADER
fixed length control field 00489nam a22001697a 4500
008 - FIXED-LENGTH DATA ELEMENTS--GENERAL INFORMATION
fixed length control field 210114b xxu||||| |||| 00| 0 eng d
020 ## - INTERNATIONAL STANDARD BOOK NUMBER
International Standard Book Number 1138240681
050 ## - LIBRARY OF CONGRESS CALL NUMBER
Classification number KD442
Item number .L36 2018 c.1
100 ## - MAIN ENTRY--PERSONAL NAME
Personal name Lammasniemi, Laura
245 ## - TITLE STATEMENT
Title Law Disserations
Remainder of title a step-by-step guide
Statement of responsibility, etc. Laura Lammasniemi
260 ## - PUBLICATION, DISTRIBUTION, ETC. (IMPRINT)
Place of publication, distribution, etc. London
Name of publisher, distributor, etc. Routledge
Date of publication, distribution, etc. 2018
300 ## - PHYSICAL DESCRIPTION
Extent x, 195p.
650 ## - SUBJECT ADDED ENTRY--TOPICAL TERM
Topical term or geographic name as entry element Law
Form subdivision study and teaching
650 ## - SUBJECT ADDED ENTRY--TOPICAL TERM
Topical term or geographic name as entry element Legal Composition
650 ## - SUBJECT ADDED ENTRY--TOPICAL TERM
Topical term or geographic name as entry element Dissertations
Form subdivision academic
942 ## - ADDED ENTRY ELEMENTS (KOHA)
Source of classification or shelving scheme Library of Congress Classification
Koha item type General Collection
Holdings
Withdrawn status Lost status Source of classification or shelving scheme Not for loan Home library Current library Date acquired Cost, normal purchase price Total Checkouts Full call number Barcode Date last seen Date last checked out Price effective from Koha item type
    Library of Congress Classification   Kabarak, Main Campus Kabarak, Main Campus 14/01/2021 6360.00 3 KD442 .L36 2018 c.1 029433 30/10/2023 12/10/2023 14/01/2021 General Collection